[Event "BCF-chT4 0506 (4NCL)"]
[Site "West Bromwich"]
[Date "2006.05.29"]
[Round "11.5"]
[White "Shaw, John S"]
[Black "Digger, Derek"]
[Result "1/2-1/2"]
[WhiteElo "1935"]
[BlackElo "1740"]
[PlyCount "120"]
[EventDate "2005.11.05"]
[EventType "team"]
[EventRounds "11"]
[EventCountry "ENG"]
[SourceTitle "CBM 109 Extra"]
[Source "ChessBase"]
[SourceDate "2006.01.03"]
[SourceVersion "2"]
[SourceVersionDate "2006.01.03"]
[SourceQuality "1"]
[WhiteTeam "FCA Solutions II"]
[BlackTeam "Halesowen"]
[WhiteTeamCountry "ENG"]
[BlackTeamCountry "ENG"]

1. d4 Nf6 2. Nf3 d6 3. Nc3 g6 4. e4 Bg7 5. Be2 0-0 6. h3 c5 7. Be3 b6 8. Qd2 Bb7 9. Rd1 Nxe4 10. Nxe4 Bxe4 11. dxc5 bxc5 12. Bxc5 Qc7 13. Bd4 Nd7 14. Bxg7 Kxg7 15. c3 Nf6 16. 0-0 Rad8 17. Qe3 Bc6 18. Nd4 Nd5 19. Qd2 Bd7 20. Rfe1 Qc8 21. Kh2 Rfe8 22. Bf3 Nf6 23. Re2 e6 24. Qe3 e5 25. Nc2 e4 26. Rxd6 exf3 27. Qxf3 Rxe2 28. Rxf6 Qc7+ 29. g3 Re7 30. Ne3 Be6 31. h4 Qe5 32. Rf4 f5 33. h5 Rh8 34. Kg2 Rd7 35. g4 Bd5 36. Nxd5 Qxd5 37. gxf5 Qxf3+ 38. Kxf3 gxf5 39. Rxf5 Rf7 40. Rxf7+ Kxf7 41. c4 Rd8 42. Ke3 Ke6 43. b4 Rd1 44. a4 Rb1 45. b5 Rb4 46. Kd4 Rxa4 47. Kc5 h6 48. f4 Kf5 49. Kd5 Ra5 50. Kc5 a6 51. Kb6 Rxb5+ 52. cxb5 axb5 53. Kxb5 Kxf4 54. Kc4 Kg4 55. Kd3 Kxh5 56. Ke3 Kg4 57. Kf2 h5 58. Kg2 h4 59. Kh2 h3 60. Kg1 Kg3 1/2-1/2

[Event "BCF-chT4 0506 (4NCL)"]
[Site "West Bromwich"]
[Date "2006.03.19"]
[Round "8.5"]
[White "Hadi, Justin"]
[Black "Digger, Derek"]
[Result "1/2-1/2"]
[WhiteElo "1895"]
[BlackElo "1740"]
[PlyCount "67"]
[EventDate "2005.11.05"]
[EventType "team"]
[EventRounds "11"]
[EventCountry "ENG"]
[SourceTitle "CBM 109 Extra"]
[Source "ChessBase"]
[SourceDate "2006.01.03"]
[SourceVersion "2"]
[SourceVersionDate "2006.01.03"]
[SourceQuality "1"]
[WhiteTeam "Oxford III"]
[BlackTeam "Halesowen"]
[WhiteTeamCountry "ENG"]
[BlackTeamCountry "ENG"]

1. d4 Nf6 2. Bg5 Ne4 3. Bf4 Nf6 4. e3 d6 5. Bd3 Nc6 6. Nf3 g6 7. c4 e6 8. Nc3 Bg7 9. e4 0-0 10. 0-0 b6 11. Qe2 Re8 12. e5 dxe5 13. dxe5 Nh5 14. Bg5 f6 15. exf6 Bxf6 16. Bxf6 Nxf6 17. Rad1 Qe7 18. Rfe1 a6 19. Ng5 Nd4 20. Qe5 c5 21. Nce4 Nxe4 22. Bxe4 Ra7 23. Rd3 Qg7 24. Qxg7+ Rxg7 25. Rde3 Rge7 26. Nf3 Kg7 27. Ne5 Bb7 28. Bxb7 Rxb7 29. Rd1 Rd8 30. Red3 Ne2+ 31. Kf1 Rxd3 32. Rxd3 Nd4 33. Nf3 Rd7 34. Nxd4 1/2-1/2